000 00659nam a2200229Ia 4500
003 OSt
005 20220918181242.0
006 a|||||r|||| 00| 0
007 ta
008 220917b |||||||| |||| 00| 0 eng d
024 _a26,384
037 _cTextual
040 _aARTS
_cARTS
_beng
041 _2eng
_aeng
082 _aO111,1M:g, j9 (EO)
100 _aPerkins David
_922421
245 0 _aQuest for permancence
_b symbolism of Wordsworth, Shelly and Keats
260 _aHarvard
_bHarvard Univ Press
_c1959
650 _aENGLISH LITERATURE
942 _hO111,1M:g, j9 (EO)
_cTEXL
_2CC
999 _c164999
_d164999